<The> Current and Future Shape of the European Union’s Common Agrucultural Policy

Podmienky spoločnej poľnohospodárskej politiky Európskej únie. Ciele pre poľnohospodárske subjekty pôsobiace na jej území. Dotačná politika, dôchodková situácia, efektívnosť podnikania a rozvoj vidieka. Nové výzvy pre Európsku komisiu, ktorá predložila návrh Spoločnej poľnohospodárskej politiky na o...

ver descrição completa

Na minha lista:
Detalhes bibliográficos
Autor principal: Inkábová, Michala
Formato: Capítulo de Livro
Idioma:inglês
Assuntos:
Tags: Adicionar Tag
Sem tags, seja o primeiro a adicionar uma tag!

MARC

LEADER 00000naa a2200000 4500
001 0258484
005 20221104110207.0
041 0 |a eng 
044 |a SK 
245 1 0 |a <The> Current and Future Shape of the European Union’s Common Agrucultural Policy  |c Michala Inkábová 
520 |a Podmienky spoločnej poľnohospodárskej politiky Európskej únie. Ciele pre poľnohospodárske subjekty pôsobiace na jej území. Dotačná politika, dôchodková situácia, efektívnosť podnikania a rozvoj vidieka. Nové výzvy pre Európsku komisiu, ktorá predložila návrh Spoločnej poľnohospodárskej politiky na obdobie 2021 - 2027. 
610 2 0 |a politika poľnohospodárska spoločná 
610 2 0 |a Európska únia 
610 2 0 |a dotácie 
610 2 0 |a rozvoj vidieka 
610 2 0 |a rozvoj trvalo udržateľný 
610 2 0 |a poľnohospodárstvo ekologické 
100 1 |a Inkábová, Michala